| 000 | 00710nam a22002057a 4500 | ||
|---|---|---|---|
| 005 | 20180202135953.0 | ||
| 010 | _aBAC-CH25 | ||
| 020 |
_a9788180221651 _c225.00 |
||
| 035 | _aB-558252-287 | ||
| 035 | _aB-669736 | ||
| 037 |
_adpl _bABC /Ven |
||
| 082 | _a591.03 | ||
| 245 | _aJunior encyclopedia : animals / | ||
| 260 |
_bPriority Publications _c2013 _aNew delhi |
||
| 300 |
_a47p.: _bcol.ill _c27cm(Hb) |
||
| 490 | _aBlow-up ! | ||
| 942 |
_2ddc _cCH _mJUN _h591.03 |
||
| 999 |
_c86940 _d86940 |
||